Les Pokémon qui n'ont qu'un seul type - Statistiques

Statistiques générales
  • Ce quiz a été pris 446 fois
    333 depuis la dernière actualisation
  • Le résultat moyen est 235 sur 401
Statistiques - réponses
Hint Réponse % Correct
008 Carabaffe
100%
007 Carapuce
100%
005 Reptincel
100%
004 Salamèche
99%
009 Tortank
99%
010 Chenipan
96%
011 Chrysacier
96%
025 Pikachu
96%
026 Raichu
96%
019 Rattata
95%
020 Rattatac
95%
151 Mew
93%
150 Mewtwo
93%
134 Aquali
92%
133 Evoli
92%
155 Héricendre
92%
136 Pyroli
92%
156 Feurisson
91%
158 Kaïminus
91%
154 Méganium
91%
196 Mentali
91%
157 Typhlosion
91%
135 Voltali
91%
023 Abo
90%
152 Germignon
90%
153 Macronium
90%
197 Noctali
90%
024 Arbok
89%
471 Givrali
89%
173 Mélo
89%
172 Pichu
89%
160 Aligatueur
88%
159 Crocrodil
88%
148 Draco
88%
129 Magicarpe
88%
036 Mélodelfe
88%
035 Mélofée
88%
063 Abra
87%
064 Kadabra
87%
147 Minidraco
87%
143 Ronflex
87%
065 Alakazam
86%
252 Arcko
86%
038 Feunard
86%
037 Goupix
86%
126 Magmar
86%
253 Massko
86%
470 Phyllali
86%
255 Poussifeu
86%
058 Caninos
85%
125 Elektek
85%
258 Gobou
85%
254 Jungko
85%
059 Arcanin
84%
239 Elekid
83%
066 Machoc
83%
067 Machopeur
83%
240 Magby
83%
700 Nymphali
83%
027 Sabelette
83%
028 Sablaireau
83%
128 Tauros
83%
068 Mackogneur
82%
390 Ouisticram
81%
466 Elekable
80%
162 Fouinar
80%
161 Fouinette
80%
113 Leveinard
80%
467 Maganon
80%
029 | 032 Nidoran
80%
030 Nidorina
80%
393 Tiplouf
80%
089 Grotadmorv
79%
052 Miaouss
79%
033 Nidorino
79%
053 Persian
79%
394 Prinplouf
79%
109 Smogo
79%
110 Smogogo
79%
088 Tadmorv
79%
446 Goinfrex
78%
115 Kangourex
78%
106 Kicklee
78%
382 Kyogre
78%
264 Linéon
78%
118 Poissirène
78%
245 Suicune
78%
387 Tortipouss
78%
107 Tygnon
78%
100 Voltorbe
78%
263 Zigzaton
78%
244 Entei
77%
383 Groudon
77%
119 Poissoroy
77%
243 Raikou
77%
101 Electrode
76%
242 Leuphorie
76%
132 Métamorph
76%
137 Porygon
76%
388 Boskara
75%
497 Majaspic
75%
501 Moustillon
75%
503 Clamiral
74%
377 Regirock
74%
120 Stari
74%
378 Regice
73%
379 Registeel
73%
114 Saquedeneu
73%
050 Taupiqueur
73%
051 Triopikeur
73%
493 Arceus
72%
386 Deoxys
72%
498 Gruikui
72%
237 Kapoera
72%
127 Scarabrute
72%
495 Vipélierre
72%
488 Cresselia
71%
108 Excelangue
71%
056 Férosinge
71%
502 Mateloutre
71%
312 Négapi
71%
233 Porygon2
71%
311 Posipi
71%
057 Colossinge
70%
491 Darkrai
70%
236 Debugant
70%
496 Lianaja
70%
261 Medhyèna
70%
474 PorygonZ
70%
440 Ptiravi
70%
486 Regigigas
70%
200 Feuforêve
69%
262 Grahyèna
69%
086 Otaria
69%
054 Psykokwak
69%
060 Ptitard
69%
265 Chenipotte
68%
116 Hypotrempe
68%
061 Têtarte
68%
055 Akwakwak
67%
482 Créfadet
67%
481 Créfollet
67%
117 Hypocéan
67%
399 Keunotor
67%
077 Ponyta
67%
266 Armulys
66%
268 Blindalys
66%
465 Bouldeneu
66%
480 Créhelf
66%
241 Ecrémeuh
66%
078 Galopa
66%
097 Hypnomade
66%
099 Krabboss
66%
098 Krabby
66%
096 Soporifik
66%
653 Feunnec
64%
650 Marisson
64%
105 Ossatueur
64%
104 Osselait
64%
489 Phione
64%
349 Barpau
63%
463 Coudlangue
63%
656 Grenousse
63%
429 Magirêve
63%
490 Manaphy
63%
287 Monaflèmit
63%
417 Pachirisu
63%
287 Parecool
63%
286 Vigoroth
63%
354 Branette
62%
090 Kokiyas
62%
180 Lainergie
62%
181 Pharamp
62%
353 Polichombr
62%
356 Téraclope
62%
370 Lovdisc
61%
355 Skelénox
61%
657 Croâporal
60%
371 Draby
60%
515 Flotajou
60%
403 Lixy
60%
404 Luxio
60%
405 Luxray
60%
350 Milobellus
60%
505 Miradar
60%
362 Oniglali
60%
504 Ratentif
60%
492 Shaymin (forme normale)
60%
185 Simularbre
60%
175 Togepi
60%
201 Zarbi
60%
641 Boréas
59%
234 Cerfrousse
59%
309 Dynavolt
59%
310 Elecsprint
59%
513 Flamajou
59%
516 Flotoutan
59%
477 Noctunoir
59%
654 Roussil
59%
361 Stalgamin
59%
179 Wattouat
59%
511 Feuillajou
58%
514 Flamoutan
58%
335 Mangriff
58%
651 Boguérisse
57%
512 Feuiloutan
57%
507 Ponchien
57%
506 Ponchiot
57%
368 Rosabyss
57%
299 Tarinor
57%
372 Drackhaus
56%
297 Hariyama
56%
296 Makuhita
56%
438 Manzaï
56%
508 Mastouffe
56%
367 Serpang
56%
336 Séviper
56%
321 Wailord
56%
532 Charpenti
55%
510 Léopardus
55%
202 Qulbutoké
55%
320 Wailmer
55%
359 Absol
54%
534 Bétochef
54%
509 Chacripan
54%
366 Coquiperl
54%
301 Delcatty
54%
358 Eoko
54%
533 Ouvrifier
54%
186 Tarpaud
54%
324 Chartor
53%
600 Clic
53%
401 Crikzik
53%
402 Mélokrik
53%
351 Morphéo
53%
360 Okéoké
53%
300 Skitty
53%
599 Tic
53%
190 Capumain
52%
601 Cliticlic
52%
218 Limagma
52%
223 Remoraid
52%
424 Capidextre
51%
456 Ecayon
51%
626 Frison
51%
182 Joliflor
51%
538 Judokrak
51%
235 Queulorior
51%
447 Riolu
51%
216 Teddiursa
51%
217 Ursaring
51%
725 Flamiaou
50%
615 Hexagel
50%
206 Insolourdo
50%
539 Karaclée
50%
328 Kraknoix
50%
457 Luminéon
50%
418 Mustébouée
50%
419 Mustéflott
50%
224 Octillery
50%
614 Polagriffe
50%
613 Polarhume
50%
410 Cheniti
49%
293 Chuchmur
49%
352 Kecleon
49%
517 Munna
49%
728 Otaquin
49%
295 Brouhabam
48%
449 Hippopotas
48%
433 Korillon
48%
726 Matoufeu
48%
518 Mushana
48%
729 Otarlette
48%
523 Zéblitz
48%
450 Hippodocus
47%
314 Lumivole
47%
313 Muciole
47%
294 Ramboum
47%
327 Spinda
47%
522 Zébibron
47%
317 Avaltout
46%
285 Balignon
46%
432 Chaffreux
46%
409 Charkos
46%
316 Gloupti
46%
531 Nanméouïe
46%
584 Sorbouboul
46%
341 Ecrapince
45%
408 Kranidos
45%
583 Sorboul
45%
550 Bargantua
44%
420 Ceribou
44%
421 Ceriflor
44%
431 Chaglam
44%
610 Coupenotte
44%
427 Laporeille
44%
582 Sorbébé
44%
602 Anchwatt
43%
526 Gigalithe
43%
273 Grainipiot
43%
611 Incisache
43%
428 Lockpin
43%
578 Méios
43%
524 Nodulithe
43%
604 Ohmassacre
43%
612 Tranchodon
43%
455 Vortente
43%
716 Xernéas
43%
621 Drakkarmin
42%
603 Lampéroie
42%
577 Nucléos
42%
576 Sidérella
42%
579 Symbios
42%
631 Aflamanoir
41%
555 Darumacho
41%
554 Darumarond
41%
525 Géolithe
41%
575 Mesmérella
41%
574 Scrutella
41%
192 Héliatronc
40%
594 Mamanbo
40%
556 Maracachi
40%
562 Tutafeh
40%
563 Tutankafer
40%
331 Cacnea
39%
210 Granbull
38%
605 Lewsor
38%
606 Neitram
38%
659 Sapereau
38%
191 Tournegrin
38%
669 Flabébé
37%
670 Floette
37%
209 Snubull
37%
232 Donphan
36%
671 Florges
36%
682 Fluvetin
36%
619 Kungfouine
36%
231 Phanpy
36%
204 Pomdépik
36%
620 Shaofouine
36%
683 Cocotine
35%
676 Couafarel
35%
684 Sucroquin
35%
685 Cupcanaille
34%
549 Fragilady
34%
422 Sancoki
34%
713 Séracrawl
34%
535 Tritonde
34%
571 Zoroark
34%
570 Zorua
34%
735 Argouste
33%
712 Grelaçon
33%
326 Groret
33%
734 Manglouton
33%
704 Mucuscule
33%
706 Muplodocus
33%
325 Spoink
33%
548 Chlorobule
32%
705 Colimucus
32%
569 Miasmax
32%
529 Rototaupe
32%
789 Cosmog
31%
790 Cosmovum
31%
568 Miamiasme
31%
573 Pashmilla
31%
773 Silvallié
31%
772 Type:0
31%
572 Chinchidou
30%
800 Necrozma
29%
673 Chevroum
28%
664 Lépidonille
28%
665 Pérégrain
28%
672 Cabriolaine
27%
588 Carabing
27%
692 Flingouste
27%
693 Gamblast
27%
616 Escargaume
26%
617 Limaspeed
26%
677 Psystigri
25%
746 Froussardine
24%
736 Larvibule
24%
678 Mistigrix
24%
796 Câblifère
22%
761 Croquine
22%
674 Pandespiègle
22%
749 Tiboudet
22%
750 Bourrinos
21%
762 Candine
21%
775 Dodoala
21%
763 Sucreine
21%
754 Floramantis
20%
745 Lougaroc
20%
753 Mimantis
20%
744 Rocabot
20%
803 Vémini
20%
782 Bébécaille
17%
771 Concombaffe
17%
764 Guérilande
15%
766 Quartermac
15%
739 Crabagarre
14%
Aucun quiz correspondant
Distribution des résultats
% des personnes avec chaque résultat
Percentile par nombre de réponses
Votre historique - résultats
Vous n’avez pas pris ce quiz depuis la dernière actualisation